Mi primer libro de caballo / (Registro nro. 12365)

Detalles MARC
000 -LIDER
fixed length control field 00514nam a2200181 4500
003 - IDENTIFICACDOR DE NÚMERO DE CONTROL
control field DO-SdBNP
005 - DATE AND TIME OF LATEST TRANSACTION
control field 20180215112602.0
008 - ELEMENTOS DE LONGITUD FIJA
fixed length control field 161208b1900 sp||||| |||| 00| 0 spa d
020 ## - ISBN
International Standard Book Number 8475000223
040 ## - FUENTE DE CATALOGACIÓN
Agencia que crea de manera original el registro BPMSU
Idioma de catalogación spa
Agencia que realiza la transcripción BPMSU
100 ## - ASIENTO PRINCIPAL -- NOMBRE PERSONAL
Nombre personal Pino Luengo, Miguel, del
245 ## - MENCIÓN DE TITULO
Título Mi primer libro de caballo /
Mención de responsabilidad Miguel Del Pino Luengo
260 ## - PUBLICACIÓN, DISTRIBUCIÓN, ETC. (PIE DE IMPRENTA)
Lugar de publicación, distribución, etc Madrid :
Nombre del editor, distribuidor, etc. Interlibros ,
Fecha de publicación, distribución, etc [19000]
300 ## - DESCRIPCIÓN FÍSICA
Extensión 18 p. :
Otros detalles físicos il. :
Dimensiones 27 cm.
942 ## - ADDED ENTRY ELEMENTS (KOHA)
Source of classification or shelving scheme Dewey Decimal Classification
Koha item type Libros
945 ## - INFORMACIÓN DE PROCESAMIENTO LOCAL
Información de procesamiento local Inventariado, 2018 / BT
956 ## - LOCAL ELECTRONIC LOCATION AND ACCESS (OCLC)
Nombre de host dgarcia
Existencias
Withdrawn status Lost status Source of classification or shelving scheme Damaged status Not for loan Collection code Home library Current library Date acquired Source of acquisition Total Checkouts Barcode Date last seen Price effective from Koha item type
    Dewey Decimal Classification     Colección Infantil General Biblioteca Pública Metropolitana Salomé Ureña Biblioteca Pública Metropolitana Salomé Ureña 12/08/2016 Sin sellar   BPMSU16120223 12/08/2016 12/08/2016 Libros